1971 1122 1381 1044 1532 1470 1382 1356 1153 1979 1630 1989 1408 1583 1375 1452 1340 1943 1526 1900 1453 1843 1273 1650 1087 1562 1341 1055 1092 1287 1511 1813 1313 1573 1743 1899 1843 1030 1940 1542 1307 1744 1654 1399 1437 1213 1425 1800 1781 1579 1846 1718 1218 1804 1428 1185 1449 1385 1728 1850 1470 1112 1088 1635 1285 1392 1691 1818 1859 1067 1968 1022 1181 1520 1192 1074 1433 1558 1099 1391 1406 1515 1893 1006 1955 1038 1325 1339 1469 1416 1229 1324 1678 1184 1074 1162 1358 1579 1010 BCNSPRNW ULIB Ver.6.0+V

เปลี่ยนเป็นภาษาไทย

Change to English
 แสดงรายละเอียดบรรณานุกรม
  กลับหน้าหลัก

Brief Record : Get Marc (ISO 2709) : E-mail record : QR code < ปิดหน้าต่าง
LEADER : 00000nam 2200000uu 4500
001    13399124186
003     ULIB
008    020711s2550 th a 000 0 tha d
099    วจ.LB^bศ479ก
100    ศิริรัชส์ อินสุข
245    การพัฒนารูปแบบการเรียนการสอนรายวิชาเคมีแบบบูรณาการ..../^cศิริรัชส์ อินสุข
260    พิษณุโลก :^bว.พุทธชินราช,^c2550
300    214 หน้า
945    ^p0^l0^i020933
รายการนี้ยังไม่มีแท็ก
คุณยังไม่ได้ล็อกอิน คุณสามารถมีกิจกรรมร่วมกับเว็บไซต์ได้ แต่ต้องล็อกอินก่อน ::
  ล็อกอิน

รายการสื่อสารสนเทศ

ลำดับที่ ประเภท เลขเรียก/บาร์โค้ด สถานที่ สถานะ
1. งานวิจัย
งานวิจัย
วจ.LB ศ479ก ฉ.1 
  Barcode: 020933
ห้องสมุดวิทยาเขตนครสวรรค์
►วิจัย:l:Research Room
บนชั้น

รายการใกล้เคียง
    ผู้แต่ง [ศิริรัชส์ อินสุข]

BibComment


ยังไม่เคยถูกคอมเมนท์

คอมเมนท์ทรัพยากรรายการนี้
  คอมเมนท์: การพัฒนารูปแบบการ..


 Copyright 2026. Bcnsprnw @Library